000
00316nam a22001337a 4500
008
181025b xxu||||| |||| 00| 0 eng d
020
_a
9780205585588
041
_a
eng
080
_2
6 ED
_a
316
100
_a
50
101
_a
SOC
245
_a
Research Methods For Social Workers
_c
Bonnie.L.Y
942
_2
udc
_c
BK
999
_c
50907
_d
50907